Africa by Toto - Lyrics - Statistics

General Stats
  • This quiz has been taken 443 times
  • The average score is 14 of 25
Answer Stats
Answer % Correct
I bless the rains down in {Africa}
85%
I bless the rains down in {Africa}
85%
I bless the rains down in {Africa} (x5)
85%
Hurry boy, she's {waiting} there for you
79%
I hear the {drums} echoing tonight
78%
There's nothing that a {hundred} {men} or more could ever do
74%
There's nothing that a {hundred} {men} or more could ever do
74%
There's nothing that a {hundred} {men} or more could ever do
74%
He turned to me as if to say, "Hurry boy, it's {waiting} {there} {for} {you}"
70%
But she hears only whispers of some {quiet} {conversation}
68%
I stopped an {old} {man} along the way
58%
It's gonna take a lot to {drag} {me} {away} {from} {you}
56%
It's gonna take a lot to {drag} {me} {away} {from} {you}
56%
It's gonna take a lot to {drag} {me} {away} {from} {you}
56%
She's {coming in}, 12:30 flight
50%
I seek to cure what's deep inside, frightened of this {thing} {that} {I've} {become}
46%
I know that I must {do} {what's} {right}
44%
The {wild} {dogs} cry out in the night
40%
As they grow restless, longing for some {solitary} {company}
39%
Gonna take some time to {do} {the} {things} {we} {never} {have}
32%
Gonna take some time to {do} {the} {things} {we} {never} {have}
32%
Gonna take some time to {do} {the} {things} {we} {never} {have}
32%
The moonlit wings reflect the stars that {guide} {me} {towards} {salvation}
31%
As sure as Kilimanjaro {rises} {like} {Olympus} above the Serengeti
30%
Hoping to find some {long} {forgotten} words or ancient melodies
29%
No matching quizzes found
Score Distribution
Percent of People with Each Score
Percentile by Number Answered
Your Score History
You have not taken this quiz